عرض عادي
عرض مارك
- الآباء والأبناء
مدخل مصطلح موضوعي
001 - رقم الضبط
- حقل الضبط: 86838
003 - معرف رقم الضبط
- حقل الضبط: OSt
005 - تاريخ ووقت أخر عملية
- حقل الضبط: 20200924144453.0
008 - عناصر بيانات ثابتة الطول
- حقل تحكم ثابت الطول: 200924|| aca||aabn | a|a d
040 ## - مصدر الفهرسة
- هيئة الفهرسة الأصلية: OSt
- وكالة الكتابة: OSt
150 ## - مدخل-- مصطلح تاريخي
- عنصر مدخل المصطلح الموضوعي او الاسم الجغرافي: الآباء والأبناء
670 ## - بيانات المصدر موجوده
- الاستشهاد بالمصدر: Work cat.: (OSt): المعراج، سمير عطية مؤلف. 86836, دليل الأسرة في معالجة المشكلات التي تواجه أبناءها /
